|
|
|
|
| LEADER |
00000naa a2200000 ar4500 |
| 001 |
vtls010093350 |
| 003 |
SK-MaSNL |
| 005 |
20260302143713.0 |
| 008 |
100510c2009 xo qr|p|||||||000 b|slo |
| 015 |
|
|
|a SNBRA2010/05
|2 snkbucl
|
| 038 |
|
|
|a SNKBUCL
|
| 040 |
|
|
|a SNKBUCL
|b slo
|c SNKBUCL
|e AACR2
|
| 041 |
0 |
|
|a cze
|b eng
|b cze
|
| 044 |
|
|
|a xo
|c SK
|
| 080 |
|
|
|a 657:006.032/.033
|x (437.3)
|2 2001
|
| 080 |
|
|
|a 657.4
|2 2001
|
| 080 |
|
|
|a 657.37
|2 2001
|
| 080 |
|
|
|a 006.032/.033
|x (437.3)
|2 2001
|
| 100 |
1 |
|
|a Procházka, David
|4 aut
|9 490202
|
| 245 |
1 |
0 |
|a Implementace IFRS - přehled nejnovějšího výzkumu
|c David Procházka
|
| 246 |
3 |
1 |
|a Adoption of IFRS - recent research overview
|
| 300 |
|
|
|b Graf, tab.
|
| 500 |
|
|
|a Pozn. pod čiarou
|
| 504 |
|
|
|a Bibliogr. odkazy
|
| 546 |
|
|
|a Súbežný názov angl. ; res. angl., čes.
|
| 650 |
0 |
7 |
|a účtovníctvo
|2 snkbucl
|9 649
|
| 650 |
0 |
7 |
|a účtovné výkazníctvo
|2 snkbucl
|9 771355
|
| 650 |
0 |
7 |
|a účtovná závierka
|2 snkbucl
|9 59787
|
| 650 |
0 |
7 |
|a legislatíva
|2 snkbucl
|9 121217
|
| 650 |
0 |
7 |
|a medzinárodné účtovné štandardy
|2 snkbucl
|9 70134
|
| 651 |
|
7 |
|a Česko
|2 snkbucl
|9 16753
|
| 773 |
0 |
|
|t Účtovníctvo a audítorstvo v procese svetovej harmonizácie
|d Bratislava : [Ekonomická univerzita], 2009
|g S. 160-167
|z 9788022527408
|
| 852 |
|
|
|a SNK
|b KIS3GCP
|
| 958 |
|
|
|a NB
|
| 958 |
|
|
|a CZ
|
| 999 |
|
|
|c 1345809
|d 1347739
|